000 00297nam a22001337a 4500
008 170622b xxu||||| |||| 00| 0 eng d
020 _a9780199574971
041 _aeng
080 _22 ED
_a32
100 _a21
101 _aSHP
245 _aCOMPARATIVE POLITICS
_cCARAMANI.D
942 _2udc
_cBK
999 _c18674
_d18674